| 000 | 01013nam0a22002651 4500 | ||
|---|---|---|---|
| 001 | rc\882868 | ||
| 005 | 20250622030846.0 | ||
| 035 | _a(NLR Aleph) 006060374 | ||
| 090 |
_a4902631 _c4902631 |
||
| 100 | _a20041129d1984 |||y0rusy50 ca | ||
| 101 | 0 | _arus | |
| 102 | _aRU | ||
| 105 | _aa ||||||||| | ||
| 200 | 1 |
_aМинута молчания _eСтихотворения и поэма _fНиколай Востров _g[Худож. Ю.В. Петров] |
|
| 210 |
_aЯрославль _cВерх.-Волж. кн. изд-во _d1984 |
||
| 215 |
_a63 с. _cил. _d16 |
||
| 327 | 1 | _aСодерж.: Стихотворения; Военная любовь: Поэма | |
| 464 | 0 |
_12001#$aСтихотворения _tСтихотворения |
|
| 464 | 0 |
_12001#$aВоенная любовь _tВоенная любовь |
|
| 700 | 1 |
_aВостров _bН.Н. _f1925- _gНиколай Никонович |
|
| 801 | 0 |
_aRU _bNLR _gpsbo |
|
| 801 | 1 |
_aRU _bELAR _2rusmarc |
|
| 852 |
_aNLR _j84-2/894 |
||
| 942 | _cBOOK | ||
| 980 | _aNB | ||